Statistics for North American Countries Starting With N, P, S, T And U

Click here to take the quiz!

General Stats

  • This quiz has been taken 57 times
  • The average score is 6 of 7

Answers on the Map

Answers color-coded by a green-red scale on the quiz's map according to % correct below.
 

Answer Stats

Country% Correct
United States
96%
Panama
89%
Nicaragua
87%
Saint Vincent and the
Grenadines
87%
Saint Kitts and
Nevis
85%
Saint Lucia
85%
Trinidad and Tobago
83%

Score Distribution

Percentile by Number Answered

Percent of People with Each Score

Your Score History

You have not taken this quiz